| 000 | 00914nam a2200253 a 4500 | ||
|---|---|---|---|
| 001 | 41771 | ||
| 003 | BD-RjUL | ||
| 005 | 20211209053440.0 | ||
| 008 | 160606s1961 at ab 001 0 eng d | ||
| 035 | _a(BD-RjUL)41889 | ||
| 040 |
_aQUT _beng _cQUT _dANB _dBD-RjUL |
||
| 041 | _aeng | ||
| 082 | 0 | 4 |
_a324.20994 _bRAA 1961 |
| 100 | 1 |
_aRawson, D. W. _q(Donald William), _d1930- _9128325 |
|
| 245 | 1 | 0 |
_aAustralia votes : _bthe 1958 federal election / _cby Donald William Rawson. |
| 260 |
_aMelbourne : _bMelbourne University Press, on behalf of the A.N.U., _c1961. |
||
| 300 |
_a259 p. : _bill., maps ; _c22 cm. |
||
| 490 | 1 |
_aSocial science monograph / Australian National University ; _v20 |
|
| 500 | _aIncludes index | ||
| 610 | 1 | 0 |
_aAustralia. _bParliament _9128326 |
| 650 | 0 |
_aElections _zAustralia. _9128327 |
|
| 830 | 0 |
_aSocial science monographs (Australian National University) ; _v20. _9128328 |
|
| 942 |
_2ddc _cBK |
||
| 999 |
_c41771 _d41771 |
||